00515nam a2200181Ia 450000500170000000800410001702000150005808200220007310000130009524500360010826000370014430000110018165000110019265000110020394200060021495200980022099900150031820250108024931.0240331s9999 xx 000 0 und d a8120201477 bBAL21296a305.23 aBalan, K 0aYouth Power In The Modern World aDelhibAjanta Publicationsc1985 a56 p., aYouth  aModern cL 001040708LaWERCLbWERCLcSSCd2024-03-31l0o 305.23 BALp1296r2024-03-31w2024-03-31yL c1541d1541